| 000 | 00717nam a2200193 u 4500 | ||
|---|---|---|---|
| 001 | 000758768 | ||
| 003 | AM-YeHGA | ||
| 005 | 20250618073826.0 | ||
| 008 | 100910s1887 ai | |||||||||||||arm|d | ||
| 040 | _aAM-YeHGA | ||
| 041 | 0 | _aarm | |
| 100 | 1 | _aՆազարեանց, Յովհաննէս | |
| 245 | 1 | 0 |
_aՀամառօտ քերականութիւն աշխարհիկ լեզուի / _cԿազմ. Յ. Նազարեանց. |
| 260 |
_aԹիֆլիս : _bՌ. Մոտինեանցի տպարան, _c1887. |
||
| 300 |
_aՄաս ; _c17 սմ. |
||
| 505 | 1 | 0 |
_gՄաս I (1887, [110] էջ) : _tՆախադասութիւնք եւ մասուք բանի |
| 650 | 1 | 4 |
_aՀայոց լեզու _xՔերականություն _94 |
| 090 | _c281895 | ||
| 999 |
_c280241 _d280241 |
||